| 000 | 00644pam a2200229 a 4500 | ||
|---|---|---|---|
| 001 | 3870662 | ||
| 005 | 20180308071309.0 | ||
| 008 | 890519s1990 nyu d 000 0 eng | ||
| 010 | _a 89008690 | ||
| 020 |
_a1557781672 : _c$35.00 |
||
| 040 |
_aDLC _cDLC _dDLC |
||
| 041 | _aeng | ||
| 080 | _a320.5403 LOU | ||
| 082 | 0 | 0 |
_a320.5403 LOU _220 |
| 100 | 1 | _a24 | |
| 101 | _aENC | ||
| 245 | 1 | 0 |
_aEncyclopedia of nationalism / _cLouis L. Snyder. |
| 504 | _aIncludes bibliographical references (p. [437]-445). | ||
| 906 |
_a7 _bcbc _corignew _d1 _eocip _f19 _gy-gencatlg |
||
| 942 |
_2ddc _cBK |
||
| 999 |
_c44464 _d44464 |
||